<?xml version="1.0" encoding="UTF-8"?><?xml-stylesheet type="text/xsl" href="static/style.xsl"?><OAI-PMH xmlns="http://www.openarchives.org/OAI/2.0/" xmlns:xsi="http://www.w3.org/2001/XMLSchema-instance" xsi:schemaLocation="http://www.openarchives.org/OAI/2.0/ http://www.openarchives.org/OAI/2.0/OAI-PMH.xsd"><responseDate>2026-04-17T23:47:42Z</responseDate><request verb="GetRecord" identifier="oai:www.recercat.cat:10256/27494" metadataPrefix="marc">https://recercat.cat/oai/request</request><GetRecord><record><header><identifier>oai:recercat.cat:10256/27494</identifier><datestamp>2025-10-08T18:58:43Z</datestamp><setSpec>com_2072_452955</setSpec><setSpec>com_2072_2054</setSpec><setSpec>col_2072_452964</setSpec></header><metadata><record xmlns="http://www.loc.gov/MARC21/slim" xmlns:dcterms="http://purl.org/dc/terms/" xmlns:xsi="http://www.w3.org/2001/XMLSchema-instance" xmlns:doc="http://www.lyncode.com/xoai" xsi:schemaLocation="http://www.loc.gov/MARC21/slim http://www.loc.gov/standards/marcxml/schema/MARC21slim.xsd">
   <leader>00925njm 22002777a 4500</leader>
   <datafield ind2=" " ind1=" " tag="042">
      <subfield code="a">dc</subfield>
   </datafield>
   <datafield ind2=" " ind1=" " tag="720">
      <subfield code="a">Moreno, Manuel A.</subfield>
      <subfield code="e">author</subfield>
   </datafield>
   <datafield ind2=" " ind1=" " tag="720">
      <subfield code="a">Vidal-Alaball, Josep</subfield>
      <subfield code="e">author</subfield>
   </datafield>
   <datafield ind2=" " ind1=" " tag="720">
      <subfield code="a">Sáez Zafra, Marc</subfield>
      <subfield code="e">author</subfield>
   </datafield>
   <datafield ind2=" " ind1=" " tag="720">
      <subfield code="a">Barceló Rado, María Antonia</subfield>
      <subfield code="e">author</subfield>
   </datafield>
   <datafield ind2=" " ind1=" " tag="260">
      <subfield code="c">2025-05-26</subfield>
   </datafield>
   <datafield ind2=" " ind1=" " tag="520">
      <subfield code="a">The global increase in life expectancy has sparked growing interest in the factors that contribute to exceptional longevity. Between 1990 and 2015, the number of centenarians worldwide more than quadrupled. This study aimed to analyse the relationship between blood-based biomarkers and the likelihood of reaching 100 years of age in Catalonia (2015–2022), and to examine how biomarker variations during COVID-19 affected longevity. Using a retrospective cohort study based on primary care electronic health records from Catalonia, we compared centenarians with individuals aged 92 or older who died before reaching 100 years of age. We analysed anaemia, cholesterol, glycemia, kidney function, and liver function biomarkers. We employed multiple strategies to control for confounding including matching without replacement, adjusting for both observed confounders at both the individual and contextual level, and unobserved confounders, in particular spatial dependence. Our findings reveal that centenarians exhibit higher rates of chronic conditions, greater socioeconomic disadvantage, and increased neighbourhood inequality in urban areas. Biologically, longevity was linked to intermediate levels of ferritin and cholesterol, alongside lower glucose, creatinine, and uric acid levels. Glycaemic balance, indicated by HbA1c and fasting glucose, emerged as a key factor in survival to extreme old age. Additionally, biomarker improvements during the pandemic correlated with an increased likelihood of reaching centenarian age. These results emphasize the complex interplay between biological, behavioural, and contextual factors in determining longevity. While biomarkers provide valuable insights, they are insufficient indicators of healthy ageing. Future research should integrate multiple dimensions, among them, environmental, and social determinants for uncovering the mechanisms of longevity</subfield>
   </datafield>
   <datafield ind2=" " ind1=" " tag="520">
      <subfield code="a">This study was supported by the Department of Health of the Government of Catalonia through the 2021 grant call under the Strategic Plan for Research and Innovation in Health (2016–2020), in the Research Projects category focused on primary care (file code: SLT021/21/000002), and by the 2021 Call for Industrial Doctorates (DI 2021), AGAUR, Government of Catalonia.&#xd;
Open Access funding provided thanks to the CRUE-CSIC agreement with Springer Nature</subfield>
   </datafield>
   <datafield ind1="8" ind2=" " tag="024">
      <subfield code="a">http://hdl.handle.net/10256/27494</subfield>
   </datafield>
   <datafield tag="653" ind2=" " ind1=" ">
      <subfield code="a">Centenarians</subfield>
   </datafield>
   <datafield tag="653" ind2=" " ind1=" ">
      <subfield code="a">Longevitat</subfield>
   </datafield>
   <datafield tag="653" ind2=" " ind1=" ">
      <subfield code="a">Longevity</subfield>
   </datafield>
   <datafield tag="653" ind2=" " ind1=" ">
      <subfield code="a">Esperança de vida</subfield>
   </datafield>
   <datafield tag="653" ind2=" " ind1=" ">
      <subfield code="a">Life expectancy</subfield>
   </datafield>
   <datafield tag="653" ind2=" " ind1=" ">
      <subfield code="a">Envelliment -- Aspectes fisiològics</subfield>
   </datafield>
   <datafield tag="653" ind2=" " ind1=" ">
      <subfield code="a">Aging -- Physiological aspects</subfield>
   </datafield>
   <datafield ind2="0" ind1="0" tag="245">
      <subfield code="a">Blood-based biomarkers in centenarians and non-centenarians: a matched, population-based retrospective cohort study using primary care records in Catalonia, Spain</subfield>
   </datafield>
</record></metadata></record></GetRecord></OAI-PMH>